| 000 | 00914nam a22001937a 4500 | ||
|---|---|---|---|
| 008 | 100228s2009 gw|||||| ||| 00| 0cng dd | ||
| 020 | _a9783838320762 | ||
| 082 |
_222 _a658.8947 _bGEB |
||
| 100 |
_911928 _aElGebali, Marwa |
||
| 245 |
_aRelationship Value in Russian Business Markets: _bA Value Cocnept Approach/ _cMarwa ElGebali |
||
| 260 |
_aSaarbrucken : _bLambert Academic Pub., _c2009 |
||
| 300 |
_a316p. : _bill. ; _c22cm. |
||
| 504 | _aIncludes bibliographical references (p.212-256) and index | ||
| 541 | _aBacca ; | ||
| 650 |
_911929 _aMarketing _zRussia |
||
| 942 |
_2ddc _cBB |
||
| 999 |
_c13515 _d13515 |
||